Introduction to Cybersecurity (Record no. 12609)

MARC details
000 -LEADER
fixed length control field 00370nam a22001577a 4500
003 - CONTROL NUMBER IDENTIFIER
control field OSt
008 - FIXED-LENGTH DATA ELEMENTS--GENERAL INFORMATION
fixed length control field 240503b |||||||| |||| 00| 0 eng d
020 ## - INTERNATIONAL STANDARD BOOK NUMBER
International Standard Book Number 9789393330314
082 ## - DEWEY DECIMAL CLASSIFICATION NUMBER
Classification number 005.8 SII
100 ## - MAIN ENTRY--PERSONAL NAME
Personal name SINGH,Ajay
245 ## - TITLE STATEMENT
Title Introduction to Cybersecurity
250 ## - EDITION STATEMENT
Edition statement 1st Ed
260 ## - PUBLICATION, DISTRIBUTION, ETC. (IMPRINT)
Place of publication, distribution, etc New Delhi
Name of publisher, distributor, etc University Press
Date of publication, distribution, etc 2023
300 ## - PHYSICAL DESCRIPTION
Extent 312
942 ## - ADDED ENTRY ELEMENTS (KOHA)
Source of classification or shelving scheme Dewey Decimal Classification
Koha item type Text Books
Holdings
Withdrawn status Lost status Source of classification or shelving scheme Damaged status Not for loan Collection code Home library Current library Date acquired Source of acquisition Currency Cost, normal purchase price Bill Number Total Checkouts Full call number Acc. no. / Barcode Date last seen Actual Cost, discounted price Bill Date Koha item type Checked out Date last borrowed
    Dewey Decimal Classification     Computer Science & Engineering in Cyber Security PIET C-LIBRARY PIET C-LIBRARY 27/03/2024 Zaffa Books and Distributors In Rupees 595.00 ZBD0465   005.8 SII 35944 03/05/2024 416.50 27/03/2024 Reference Books    
    Dewey Decimal Classification     Computer Science & Engineering in Cyber Security PIET C-LIBRARY PIET C-LIBRARY 27/03/2024 Zaffa Books and Distributors In Rupees 595.00 ZBD0465 1 005.8 SII 35945 08/02/2025 416.50 27/03/2024 Text Books 27/08/2025 08/02/2025
    Dewey Decimal Classification     Computer Science & Engineering in Cyber Security PIET C-LIBRARY PIET C-LIBRARY 27/03/2024 Zaffa Books and Distributors In Rupees 595.00 ZBD0465 1 005.8 SII 35946 28/08/2024 416.50 27/03/2024 Text Books   06/08/2024
    Dewey Decimal Classification     Computer Science & Engineering in Cyber Security PIET C-LIBRARY PIET C-LIBRARY 27/03/2024 Zaffa Books and Distributors In Rupees 595.00 ZBD0465   005.8 SII 35947 03/05/2024 416.50 27/03/2024 Text Books    
    Dewey Decimal Classification     Computer Science & Engineering in Cyber Security PIET C-LIBRARY PIET C-LIBRARY 27/03/2024 Zaffa Books and Distributors In Rupees 595.00 ZBD0465 1 005.8 SII 35948 20/08/2024 416.50 27/03/2024 Text Books   06/08/2024
    Dewey Decimal Classification     B.Tech(ECE) PIET C-LIBRARY PIET C-LIBRARY 04/04/2025 Zaffa Books INR 650.00 ZBD0017   005.8 SII 39156 11/04/2025 455.00 04/04/2025 Text Books    
    Dewey Decimal Classification     B.Tech(ECE) PIET C-LIBRARY PIET C-LIBRARY 04/04/2025 Zaffa Books INR 650.00 ZBD0017 1 005.8 SII 39157 15/09/2025 455.00 04/04/2025 Text Books   27/08/2025

Design & Developed by: PIET Central Library
R70 Miles Stone Pattikalyana Samalkha Panipat 132102
mail ID :- [email protected], Phone No:- 0180-2569700 Ex.216